01533nam a22002297a 4500003000400000005001700004008004100021040002800062100004800090245025300138260004100391300003500432502019100467504005300658505023300711650005200944650005900996700005401055700005101109700003501160830010801195OSt20190606212617.0160321b xxu||||| |||| 00| 0 esp d cDO-SdBHAaDO-SdBHAbspa1 aAcevedo Santos, Erick Antonio esustentante10aParticipación de la Fuerza Aérea Dominicana en la Seguridad Pública, periodo 2005-2010 / c Erick Antonio Acevedo Santos; Leandro Ernesto Pérez García, asesores Diogenes Armando S. Ogando Ramírez, Héctor Martínez  aSanto Domingo Este :bINSUDE, c2011 axxiii, 54 hojas, ilustraciones aTrabajo de grado (Licenciatura en Ciencias Militares y Aeronáuticas). -- Instituto Superior para la Defensa (INSUDE). Academia Aérea Gral. De Brig. Pil. Frank A. Feliz Miranda, 2011. aIncluye referencias bibliográficas e índices aAspectos generales de la Seguridad Pública. -- Fuerza Aérea Dominicana en la Seguridad Pública de la República Dominicana. -- Implicación de la Fuerza Aérea Dominicana en la Seguridad Pública del Estado Dominicano  4aSeguridad Nacional -- Fuerza Aérea Dominicana 4aFuerza Aérea Dominicana -- Prevención -- Violencia1 aPérez García, Leandro Ernesto esustentante1 aOgando Ramírez, Diogenes Armando S. easesor1 aMartínez, Héctor easesor  aINSUDE. Academia Aérea Gral. De Brig. Pil. Frank A. Feliz Miranda. Tesis y disertaciones académicas